• 首页
  • 本馆介绍
  • 公告通知
  • 最新文献
  • 馆藏检索
  • 电子资源
  • 读者导购
  • 参考咨询
  • 我的图书馆
  • 登录
  • 详细信息显示
  • 放入我的书架
  • 预约/预借图书
  • 作者相关作品
  • 分类相关作品
  • 丛书相关作品
  • 出版社相关作品

书目信息

  • 表格格式
  • 工作单格式
  • 卡片格式
题名:
王充哲学思想探索
    
 
作者: 徐敏 著
分册:  
出版信息: 北京   三联书店  1979
页数: 176页
开本: 19cm
丛书名:
单 册:
中图分类: B234.85 , B234
科图分类:
主题词: 哲学思想-王充--研究
电子资源:
ISBN:
000 00621nam0 2200241 45
001 1129883508
005 20110928082027.98
010    @dCNY0.45
091    @aCN@b2002.232
100    @a19950712d1979 kemy0chiy0121 ea
101 0  @achi
102    @aCN@b110000
105    @ay z 000yy
200 10 @a王充哲学思想探索@Awang chong zhe xue si xiang tan suo@f徐敏著
210    @a北京@c三联书店@d1979
215    @a176页@d19cm
600  0 @a王充@x哲学思想@x研究
606 0  @a哲学思想-王充@x研究
690    @aB234.85@v3
690    @aB234@v4
701  0 @a徐敏@Axu min@4著
801  0 @aCN@bTSSF
905    @a10447@dB234@eJY24
    
    王充哲学思想探索/徐敏著.-北京:三联书店,1979
    176页;19cm
    
    
    ISBN :CNY0.45
    
●
相关链接 在E读中查询图书 在五车中查询图书 在当当中查询图书 在豆瓣中查询图书


正题名:王充哲学思想探索     索取号:B234/JY24         预约/预借

序号 登录号 条形码 馆藏地/架位号 状态 备注
1 7824422   278244222   学院路分馆/ [索取号:B234/JY24] 在馆    
2 7824423   278244231   学院路分馆/ [索取号:B234/JY24] 在馆    
3 7824424   278244240   学院路分馆/ [索取号:B234/JY24] 在馆    
4 7824425   278244259   学院路分馆/ [索取号:B234/JY24] 在馆    
唐山师范学院图书馆 欢迎您!
大连网信软件有限公司© 版权所有